000 00495nam a22001577a 4500
003 OSt
005 20131014124850.0
008 131014b xxu||||| |||| 00| 0 eng d
040 _aDLC
_bDLC
_cDLC
_dDLC
050 _aP 53.4
_b.I58 1991
245 _aInternational language assessment conference
_cedited by Gloria E. Kindell
260 _aDallas
_bSummer institute of linguistics
_cc1991
300 _a287p
650 _aLanguage and languages
_vAbility testing
_xCongresses
_923039
942 _2lcc
_cBK
999 _c58058
_d58032